000 00662nam a2200205Ia 4500
003 IN-BaIIA
008 211028s9999 xx 000 0 eng d
020 _a81-7061-026-5
040 _cIIA Library
080 _a624(540)
_bNAT
110 _aBureau of Indian Standards
_920631
245 0 _aNational building code of India 2005
_cBureau of Indian Standards
250 _a2nd ed.
260 _aNew Delhi
_bBureau of Indian Standards
_c2007
300 _a[various pagings.]
650 _aBuilding code-India
_933927
650 _aCivil engineering-India
_933928
650 _aStructural engineering-India
_933929
942 _cBK
999 _c17855
_d17855